000 00877nam a22002177a 4500
999 _c3412
_d3412
003 AR-CdUCM
008 190306b ||||| |||| 00| 0 spa d
040 _aMUNICIPALIDAD PROVINCIAL DEL CUSCO
_cBIBLIOTECA MUNICIPAL DEL CUSCO
082 _a330.1 /
_bG18
100 _aGamoneda, Ramón G.
_911257
245 _aApuntes sobre factibilidad económica /
260 _aMéxico :
_bCentro Regional de Ayuda Técnica,
_c1973.
300 _aX, 187 páginas ;
_btablas,
_c23 cm.
505 _aContenido: Teoría económica -- Principios de demografía -- Las matemáticas de crecimiento -- Muestraje -- Algunas distribuciones teóricas -- Regresión y correlación -- Pronósticos ...
650 _aEconomía
_9382
650 _aFactibilidad económica
_911258
650 _aAnalisis
_92730
700 _aGarcía, Modesto J. (coautor)
_911259
942 _2ddc
_cLIBROS
945 _aachl